000 01065nam a22002057a 4500
999 _c60255
_d60255
003 Ge_BSU
005 20230622115513.0
008 230622s2015 ge ||||| |||| 00| 0 geo d
020 _a9789941463150
041 _ageo
080 _a94(73) კ-18
100 _aკალანდაძე, მერაბ
_91537
245 _aამერიკის შეერთებული შტატების ახალი ისტორიის შესწავლა საქართველოში /
_c მერაბ კალანდაძე; რედაქტორი ვასილ კაჭარავა.
264 _aთბილისი :
_b არტანუჯი,
_c2015.
300 _a264 გვ. ;
_b20 სმ.
504 _aბიბლიოგრ. სტატიების ბოლოს.
653 _aამერიკის შეერთებული შტატების ისტორია
700 _aკაჭარავა, ვასილ
_eრედაქტორი
_92774
942 _2udc
_cBK